Southville International School and Colleges
Your cart is empty.
  • Cart
  • Lists
    Public lists Eva Luna New books Lux_list list_1
    Your lists Log in to create your own lists
  • Log in to your account
  • Your cookies
  • Search history
Southville International School and Colleges
  • Advanced search
  • Recent comments
  • Most popular
  • Libraries

Log in to your account

Log in with GOOGLE


If you do not have an external account, but do have a local account, you can still log in:

  1. Home
  2. MARC view: Three cups of tea :
Normal view MARC view ISBD view

Three cups of tea : (Record no. 288960)

[ view plain ]
MARC details
000 -LEADER
fixed length control field 01475cam a22003494a 4500
001 - CONTROL NUMBER
control field 15598480
003 - CONTROL NUMBER IDENTIFIER
control field OCLC
005 - DATE AND TIME OF LATEST TRANSACTION
control field 20151111102843.0
008 - FIXED-LENGTH DATA ELEMENTS--GENERAL INFORMATION
fixed length control field 090126s2009 nyuab j 000 0deng
010 ## - LIBRARY OF CONGRESS CONTROL NUMBER
LC control number 2009353179
020 ## - INTERNATIONAL STANDARD BOOK NUMBER
International Standard Book Number 9780143038252
040 ## - CATALOGING SOURCE
Original cataloging agency DLC
Transcribing agency DLC
Modifying agency DLC
043 ## - GEOGRAPHIC AREA CODE
Geographic area code a-pk---
-- a-af---
-- n-us---
050 00 - LIBRARY OF CONGRESS CALL NUMBER
Classification number LC 2330
Item number .M67 2006
082 00 - DEWEY DECIMAL CLASSIFICATION NUMBER
Classification number 371.82209549
100 1# - MAIN ENTRY--PERSONAL NAME
Personal name Morteson, Greg
245 10 - TITLE STATEMENT
Title Three cups of tea :
Remainder of title one man's mission to promote peace--one school at a time /
Statement of responsibility, etc Greg Mortenson and David Oliver Relin ; adapted for young readers by Sarah Thomson.
250 ## - EDITION STATEMENT
Edition statement Young readers ed.
260 ## - PUBLICATION, DISTRIBUTION, ETC. (IMPRINT)
Place of publication, distribution, etc New York, N.Y. :
Name of publisher, distributor, etc Dial Books for Young Readers,
Date of publication, distribution, etc 2006.
300 ## - PHYSICAL DESCRIPTION
Extent xxiii, 209 p., [16] p. of plates :
Other physical details ill. (some col.), maps ;
Dimensions 21 cm.
600 10 - SUBJECT ADDED ENTRY--PERSONAL NAME
Personal name Mortenson, Greg.
650 #0 - SUBJECT ADDED ENTRY--TOPICAL TERM
Topical term or geographic name as entry element Girls' schools
Geographic subdivision Pakistan
Form subdivision Juvenile literature.
650 #0 - SUBJECT ADDED ENTRY--TOPICAL TERM
Topical term or geographic name as entry element Girls' schools
Geographic subdivision Afghanistan
Form subdivision Juvenile literature.
650 #0 - SUBJECT ADDED ENTRY--TOPICAL TERM
Topical term or geographic name as entry element Humanitarian assistance, American
Geographic subdivision Pakistan
Form subdivision Juvenile literature.
650 #0 - SUBJECT ADDED ENTRY--TOPICAL TERM
Topical term or geographic name as entry element Humanitarian assistance, American
Geographic subdivision Afghanistan
Form subdivision Juvenile literature.
700 1# - ADDED ENTRY--PERSONAL NAME
Personal name Mortenson, Greg.
700 1# - ADDED ENTRY--PERSONAL NAME
Personal name Relin, David Oliver.
856 42 - ELECTRONIC LOCATION AND ACCESS
Materials specified Publisher description
Uniform Resource Identifier <a href="http://www.loc.gov/catdir/enhancements/fy0906/2009353179-d.html">http://www.loc.gov/catdir/enhancements/fy0906/2009353179-d.html</a>
906 ## - LOCAL DATA ELEMENT F, LDF (RLIN)
a 7
b cbc
c orignew
d 1
e ncip
f 20
g y-gencatlg
942 ## - ADDED ENTRY ELEMENTS (KOHA)
Source of classification or shelving scheme Library of Congress Classification
Koha item type Books
Holdings
Withdrawn status Lost status Source of classification or shelving scheme Damaged status Home library Current library Shelving location Date acquired Source of acquisition Sub Shelving location Total Checkouts Full call number Barcode Date last seen Price effective from Koha item type
    Library of Congress Classification   Luxembourg Library Luxembourg Library International Baccalaureate Section 11/11/2015 Library Fund     LC 2330 .M67 2006 20129 04/14/2016 11/11/2015 Books
    Library of Congress Classification   Luxembourg Library Luxembourg Library International Baccalaureate Section 11/11/2015 Library Fund     LC 2330 .M67 2006 20130 04/14/2016 11/11/2015 Books

Three cups of tea :

APA

Morteson G., Mortenson G. & Relin D. O. (2006). Three cups of tea. New York, N.Y: Dial Books for Young Readers.

Chicago

Morteson Greg, Mortenson Greg and Relin David Oliver. 2006. Three cups of tea. New York, N.Y: Dial Books for Young Readers.

Harvard

Morteson G., Mortenson G. and Relin D. O. (2006). Three cups of tea. New York, N.Y: Dial Books for Young Readers.

MLA

Morteson Greg, Mortenson Greg and Relin David Oliver. Three cups of tea. New York, N.Y: Dial Books for Young Readers. 2006.

  • Place hold
  • Print
  • Cite
  • Add to your cart (remove)
  • Save record
    BIBTEX Dublin Core MARCXML MARC (non-Unicode/MARC-8) MARC (Unicode/UTF-8) MARC (Unicode/UTF-8, Standard) MODS (XML) RIS
  • More searches
    Search for this title in:
    Other Libraries (WorldCat) Other Databases (Google Scholar) Online Stores (Bookfinder.com) Open Library (openlibrary.org)

Exporting to Dublin Core...

SOUTHVILLE LIBRARY

Southville International School and Colleges Library

1281 Tropical Ave. Cor. Luxembourg St., BF Homes International, Las Pinas City

Tel. No. 8256374 / 252358 Loc. 117/146

Powered by Koha